书目信息 |
| 题名: |
亿恒(西门子)C166系列16位单片机原理与开发(含光盘)
|
|
| 作者: | 程军 编著 | |
| 分册: | ||
| 出版信息: | 北京 北京航空学院出版社 2001.12 |
|
| 页数: | 329页 | |
| 开本: | 26cm | |
| 丛书名: | ||
| 单 册: | ||
| 中图分类: | TP368.1 | |
| 科图分类: | ||
| 主题词: | 微型计算机 | |
| 电子资源: | ||
| ISBN: | 7-81077-125-6 | |
| 000 | 00632nam0 2200193 45 | |
| 001 | 0433241803 | |
| 005 | 2004051809140134 | |
| 010 | @a7-81077-125-6@dCNY 40.00 | |
| 100 | @a20040518d2001 km y0chiy0120 ea | |
| 101 | 0 | @achi |
| 102 | @aCN@b110000 | |
| 200 | 1 | @a亿恒(西门子)C166系列16位单片机原理与开发(含光盘)@AYi Heng(Xi Men Zi)C166 Xi Lie 16 Wei Dan Pian Ji Yuan Li Yu Kai Fa(Han Guang Pan)@f程军编著@FCheng Jun Bian Zhu |
| 210 | @a北京@c北京航空学院出版社@d2001.12 | |
| 215 | @a329页@d26cm | |
| 606 | 0 | @a微型计算机 |
| 690 | @aTP368.1@v3 | |
| 701 | 0 | @a程军@ACheng Jun@4编著 |
| 801 | 0 | @aCN@bPFT@c20040518 |
| 905 | @dTP368.1@eC7451 | |
| 亿恒(西门子)C166系列16位单片机原理与开发(含光盘)/程军编著.-北京:北京航空学院出版社,2001.12 |
| 329页;26cm |
| ISBN 7-81077-125-6:CNY 40.00 |
| ● |
| 相关链接 |
|
|
|
正题名:亿恒(西门子)C166系列16位单片机原理与开发
索取号:TP368.1/C7451
 
预约/预借
| 序号 | 登录号 | 条形码 | 馆藏地/架位号 | 状态 | 备注 |
| 1 | 384018 | 203840184 | 自科库301/301自科库 62排5列3层/ [索取号:TP368.1/C7451] | 在馆 | |
| 2 | 384019 | 203840193 | 自科库301/301自科库 62排5列3层/ [索取号:TP368.1/C7451] | 在馆 |